MARC details
| 000 -LEADER |
| fixed length control field |
01802nam a22005653a 4500 |
| 001 - CONTROL NUMBER |
| control field |
22335 |
| 003 - CONTROL NUMBER IDENTIFIER |
| control field |
VRT |
| 005 - DATE AND TIME OF LATEST TRANSACTION |
| control field |
20260326143202.0 |
| 008 - FIXED-LENGTH DATA ELEMENTS--GENERAL INFORMATION |
| fixed length control field |
140507s2012 xo oa g nd 000 0 slo d |
| 020 ## - INTERNATIONAL STANDARD BOOK NUMBER |
| International Standard Book Number |
9788081141652 (viaz.) |
| 035 ## - SYSTEM CONTROL NUMBER |
| System control number |
a000504138 |
| 039 #9 - LEVEL OF BIBLIOGRAPHIC CONTROL AND CODING DETAIL [OBSOLETE] |
| Level of rules in bibliographic description |
201406300830 |
| Level of effort used to assign nonsubject heading access points |
hana |
| Level of effort used to assign subject headings |
201406200955 |
| Level of effort used to assign classification |
pechova |
| Level of effort used to assign subject headings |
201406021343 |
| Level of effort used to assign classification |
edita |
| 040 ## - CATALOGING SOURCE |
| Original cataloging agency |
UKB |
| Language of cataloging |
slo |
| Transcribing agency |
UKB |
| Description conventions |
AACR2 |
| 041 0# - LANGUAGE CODE |
| Language code of text/sound track or separate title |
slo |
| 044 ## - COUNTRY OF PUBLISHING/PRODUCING ENTITY CODE |
| MARC country code |
xo |
| ISO country code |
SK |
| 072 #7 - SUBJECT CATEGORY CODE |
| Subject category code |
316.7 |
| Subject category code subdivision |
Sociológia kultúry. Kultúrny život |
| Source |
konspekt |
| 080 ## - UNIVERSAL DECIMAL CLASSIFICATION NUMBER |
| Universal Decimal Classification number |
316.72/.75 |
| Edition identifier |
2004 |
| 080 ## - UNIVERSAL DECIMAL CLASSIFICATION NUMBER |
| Universal Decimal Classification number |
2-67 |
| Edition identifier |
2004 |
| 080 ## - UNIVERSAL DECIMAL CLASSIFICATION NUMBER |
| Universal Decimal Classification number |
316.728 |
| Edition identifier |
2004 |
| 080 ## - UNIVERSAL DECIMAL CLASSIFICATION NUMBER |
| Universal Decimal Classification number |
316.346.2 |
| Edition identifier |
2004 |
| 080 ## - UNIVERSAL DECIMAL CLASSIFICATION NUMBER |
| Universal Decimal Classification number |
308 |
| Edition identifier |
2004 |
| 080 ## - UNIVERSAL DECIMAL CLASSIFICATION NUMBER |
| Universal Decimal Classification number |
(5-15) |
| Edition identifier |
2004 |
| 080 ## - UNIVERSAL DECIMAL CLASSIFICATION NUMBER |
| Universal Decimal Classification number |
(048.8) |
| Edition identifier |
2004 |
| 100 1# - MAIN ENTRY--PERSONAL NAME |
| Personal name |
Khidayer, Emíre, |
| Dates associated with a name |
1971- |
| Relationship |
aut |
| -- |
ill |
| -- |
pht |
| 245 10 - TITLE STATEMENT |
| Title |
Arabský svet iná planéta? |
| Statement of responsibility, etc. |
Emíre Khidayer [ilustrácie ; fotografie Emíre Khidayer, Edgar Jarúnek] |
| 250 ## - EDITION STATEMENT |
| Edition statement |
2. rozš. a uprav. vyd. |
| 260 ## - PUBLICATION, DISTRIBUTION, ETC. |
| Place of publication, distribution, etc. |
Bratislava |
| Name of publisher, distributor, etc. |
Marenčin PT |
| Date of publication, distribution, etc. |
2012 |
| 300 ## - PHYSICAL DESCRIPTION |
| Extent |
259 [1] s. |
| 500 ## - GENERAL NOTE |
| General note |
Slovníček pojmov |
| 504 ## - BIBLIOGRAPHY, ETC. NOTE |
| Bibliography, etc. note |
Bibliogr. s. [260] |
| 650 07 - SUBJECT ADDED ENTRY--TOPICAL TERM |
| Topical term or geographic name entry element |
kultúra a spoločnosť |
| Geographic subdivision |
arabské krajiny |
| Source of heading or term |
UKBPH |
| 650 07 - SUBJECT ADDED ENTRY--TOPICAL TERM |
| Topical term or geographic name entry element |
náboženstvo a spoločnosť |
| Geographic subdivision |
arabské krajiny |
| Source of heading or term |
UKBPH |
| 650 07 - SUBJECT ADDED ENTRY--TOPICAL TERM |
| Topical term or geographic name entry element |
každodenný život |
| Geographic subdivision |
arabské krajiny |
| Source of heading or term |
UKBPH |
| 650 07 - SUBJECT ADDED ENTRY--TOPICAL TERM |
| Topical term or geographic name entry element |
muži a ženy |
| Geographic subdivision |
arabské krajiny |
| Source of heading or term |
UKBPH |
| 651 #7 - SUBJECT ADDED ENTRY--GEOGRAPHIC NAME |
| Geographic name |
arabské krajiny |
| General subdivision |
sociálne pomery |
| Source of heading or term |
UKBPH |
| 653 ## - INDEX TERM--UNCONTROLLED |
| Uncontrolled term |
316.72/.75 |
| 653 ## - INDEX TERM--UNCONTROLLED |
| Uncontrolled term |
2-67 |
| 653 ## - INDEX TERM--UNCONTROLLED |
| Uncontrolled term |
316.728 |
| 653 ## - INDEX TERM--UNCONTROLLED |
| Uncontrolled term |
316.346.2 |
| 653 ## - INDEX TERM--UNCONTROLLED |
| Uncontrolled term |
308 |
| 653 ## - INDEX TERM--UNCONTROLLED |
| Uncontrolled term |
(5-15) |
| 653 ## - INDEX TERM--UNCONTROLLED |
| Uncontrolled term |
(048.8) |
| 655 #7 - INDEX TERM--GENRE/FORM |
| Genre/form data or focus term |
monografie |
| Source of term |
UKBPH |
| 700 1# - ADDED ENTRY--PERSONAL NAME |
| Personal name |
Jarúnek, Edgar |
| Relationship |
pht |
| 910 ## - USER-OPTION DATA (OCLC) |
| User-option data |
ukb |
| 942 ## - ADDED ENTRY ELEMENTS (KOHA) |
| Source of classification or shelving scheme |
Dewey Decimal Classification |
| Koha item type |
Krásna literatúra pre dospelých |
| Suppress in OPAC |
No |
| 949 ## - LOCAL PROCESSING INFORMATION (OCLC) |
| 6 |
1800633153 |
| a |
SL.D.96037 |
| b |
PV.6103-2014 |
| 949 ## - LOCAL PROCESSING INFORMATION (OCLC) |
| 6 |
1800633154 |
| a |
SK.D.64448 |
| b |
PV.6104-2014 |
| s |
6707:20140710 |
| 949 ## - LOCAL PROCESSING INFORMATION (OCLC) |
| 6 |
1800594828 |
| a |
33.D.26711 |
| b |
KD.332-2014 |